00622 2200205 4500001002100000005001500021035002000036007000300056008004100059020002200100082001600122084002200138100003400160245006000194250002000254260006200274300004500336856001800381990001700399INLIS00000000000092020250712033317 a0010-0725000920ta250712 a 0 ind  a978-623-472-362-5 a398.209 598 a398.209 598 ALL m0 aAll Children Reading Cambodia1 aMari, Menghitung Kaki! /cAll Children Reading Cambodia acetakan pertama ajakarta :bbadan pengembangan dan pembinaan bahasa,c2022 a16 hlm. :bilus. ;c22,9 cme398.209 598 aTBM AS SUHADA aTBM202400768